Cereal Brand Anagrams - Statistics

General Stats
  • This quiz has been taken 26 times
  • The average score is 18 of 20
Answer Stats
Hint Answer % Correct
XKI Kix
100%
PLEAP JSCAK Apple Jacks
95%
EXCH Chex
95%
AOOCC FSFUP Cocoa Puffs
95%
ROOTF POSLO Froot Loops
95%
FELI Life
95%
LKUCY CRASMH Lucky Charms
95%
XITR Trix
95%
CANP RCCHUN Capn Crunch
89%
NIMNAONC ATSOT CNCURH Cinnamon Toast Crunch
89%
OFSDETR INIM HEASTW Frosted Mini Wheats
89%
TRIYUF SLEBEBP Fruity Pebbles
89%
ONYHE EUNCHBS FO TOSA Honey Bunches of Oats
89%
IARNIS BANR Raisin Bran
89%
REIC ESIPKRIS Rice Krispies
89%
OCEHERIS Cheerios
84%
OTEFDSR LEKSFA Frosted Flakes
84%
ESERES SUFPF Reeses Puffs
84%
OYONHBMEC Honeycomb
79%
DOLNGE MRSGHAA Golden Grahams
74%
No matching quizzes found
Score Distribution
Percent of People with Each Score
Percentile by Number Answered
Your Score History
You have not taken this quiz